Inciting Change in Secondary English Language Programs : The Case of Cherry High School /

This book follows a group of teachers who worked to create a program that supported their students' native languages and funds of knowledge, finding that structures within the school and discourses from other teachers, administrators, and the nation/community both constrained/enabled the teache...

Full description

Bibliographic Details
Main Author: Coles-Ritchie, Marilee (Author)
Corporate Author: SpringerLink (Online service)
Format: eBook
Language:English
Published: New York : Palgrave Macmillan US : Imprint: Palgrave Macmillan, 2009.
Series:Secondary education in a changing world.
Subjects:
Online Access:Connect to the full text of this electronic book

MARC

Tag First Indicator Second Indicator Subfields
LEADER 00000cam a22000005i 4500
001 in00003723021
005 20210728125204.0
006 m o d
007 cr nn 008mamaa
008 151012s2009 xxu| o |||| 0|eng d
020 |a 9780230101074  |9 978-0-230-10107-4 
024 7 |a 10.1057/9780230101074  |2 doi 
035 |a (DE-He213)978-0-230-10107-4 
035 |a 5304399 
040 |d UtOrBLW 
072 7 |a JHB  |2 bicssc 
072 7 |a SOC026000  |2 bisacsh 
082 0 4 |a 306.43  |2 23 
090 |a PE1128.A2  |b C654 2009 
100 1 |a Coles-Ritchie, Marilee,  |e author.  |0 http://id.loc.gov/authorities/names/n2009004673 
245 1 0 |a Inciting Change in Secondary English Language Programs :  |b The Case of Cherry High School /  |c by Marilee Coles-Ritchie. 
264 1 |a New York :  |b Palgrave Macmillan US :  |b Imprint: Palgrave Macmillan,  |c 2009. 
300 |a 1 online resource (XVI, 195 pages) 
336 |a text  |b txt  |2 rdacontent 
337 |a computer  |b c  |2 rdamedia 
338 |a online resource  |b cr  |2 rdacarrier 
347 |a text file  |b PDF  |2 rda 
490 1 |a Secondary Education in a Changing World 
500 |a Electronic resource. 
520 |a This book follows a group of teachers who worked to create a program that supported their students' native languages and funds of knowledge, finding that structures within the school and discourses from other teachers, administrators, and the nation/community both constrained/enabled the teachers to create an equitable learning environment. 
650 1 4 |a Social Sciences. 
650 2 4 |a Astronomy, Astrophysics and Cosmology. 
650 2 4 |a Educational Policy and Politics. 
650 2 4 |a Organic Chemistry. 
650 2 4 |a Sociology of Education. 
650 2 4 |a Teaching and Teacher Education. 
650 0 |a Astronomy.  |0 http://id.loc.gov/authorities/subjects/sh85009003 
650 0 |a Astrophysics.  |0 http://id.loc.gov/authorities/subjects/sh85009032 
650 0 |a Chemistry, Organic.  |0 http://id.loc.gov/authorities/subjects/sh85023022 
650 0 |a Cosmology.  |0 http://id.loc.gov/authorities/subjects/sh85033169 
650 0 |a Education and state.  |0 http://id.loc.gov/authorities/subjects/sh85041091 
650 0 |a Educational sociology.  |0 http://id.loc.gov/authorities/subjects/sh85041146 
650 0 |a Social sciences.  |0 http://id.loc.gov/authorities/subjects/sh85124003 
650 0 |a Teaching.  |0 http://id.loc.gov/authorities/subjects/sh85133052 
650 0 |a ducation and state. 
655 7 |a Electronic books.  |2 local 
710 2 |a SpringerLink (Online service)  |0 http://id.loc.gov/authorities/names/no2005046756 
773 0 |t Springer eBooks 
776 1 8 |i Printed edition:  |z 9781349373406 
830 0 |a Secondary education in a changing world.  |0 http://id.loc.gov/authorities/names/n2005028526 
856 4 0 |u http://proxy.library.tamu.edu/login?url=https://dx.doi.org/10.1057/9780230101074  |z Connect to the full text of this electronic book  |t 0 
999 f f |s 638f3a81-77a2-30c6-8919-140d5cdd974e  |i 6343cf9c-b937-3e2d-a466-5dbeb7978378  |t 0 
952 f f |a Texas A&M University  |b College Station  |c Electronic Resources  |d Available Online  |t 0  |e PE1128.A2 C654 2009  |h Library of Congress classification 
998 f f |a PE1128.A2 C654 2009  |t 0  |l Available Online